[Event "AUT-chT2S 9900"]
[Site "Austria"]
[Date "2000.01.23"]
[Round "6.6"]
[White "Postl, Anton"]
[Black "Brestian, Egon"]
[Result "1/2-1/2"]
[WhiteElo "2303"]
[BlackElo "2429"]
[Annotator "Gabriele Ballarin"]
[PlyCount "36"]
[EventDate "1999.10.??"]
[EventType "team"]
[EventRounds "11"]
[EventCountry "AUT"]
[SourceTitle "EXT 2002"]
[Source "ChessBase"]
[SourceDate "2001.11.25"]
[SourceVersion "1"]
[SourceVersionDate "2001.11.25"]
[SourceQuality "1"]

1. Nf3 d6 2. g3 e5 3. Bg2 Nf6 4. O-O c5 5. c3 Be7 6. d3 Nc6 7. e4 O-O 8. Re1 b5 9. h3 Bb7 10. a4 a6 11. Na3 Ne8 12. d4 Nc7 13. d5 Nb8 14. b4 Nd7 15. Be3 c4 16. Nh2 Bg5 17. f4 exf4 18. gxf4 Bh4 1/2-1/2

[Event "AUT-chT2S 9900"]
[Site "Austria"]
[Date "2000.01.23"]
[Round "6.6"]
[White "Sorg, Bernd"]
[Black "Mahdy, Khaled"]
[Result "0-1"]
[WhiteElo "2216"]
[BlackElo "2332"]
[Annotator "Gabriele Ballarin"]
[PlyCount "162"]
[EventDate "1999.10.??"]
[EventType "team"]
[EventRounds "11"]
[EventCountry "AUT"]
[SourceTitle "EXT 2002"]
[Source "ChessBase"]
[SourceDate "2001.11.25"]
[SourceVersion "1"]
[SourceVersionDate "2001.11.25"]
[SourceQuality "1"]

1. d4 Nf6 2. Nf3 g6 3. g3 Bg7 4. Bg2 c5 5. c3 cxd4 6. cxd4 O-O 7. Qb3 Nc6 8. Nc3 b6 9. Ne5 Nxd4 10. Qa4 Nc6 11. Nxc6 dxc6 12. Bxc6 Bd7 13. O-O Rc8 14. Bxd7 Qxd7 15. Qh4 Rc5 16. Ne4 Re5 17. Nxf6+ Bxf6 18. Qf4 Rxe2 19. Qf3 Re5 20. Bh6 Bg7 21. Bxg7 Kxg7 22. Rfd1 Qe6 23. Rac1 Rc8 24. a3 Rc4 25. b3 Rce4 26. Kg2 Re2 27. Rc6 Qf5 28. Rd3 g5 29. g4 Qxf3+ 30. Rxf3 Re6 31. Rc7 a5 32. h3 Ra2 33. a4 Rae2 34. Rb7 h6 35. Rf5 Rb2 36. Rf3 Rb1 37. Kg3 Rg1+ 38. Kh2 Ree1 39. Rg3 Rxg3 40. Kxg3 Re6 41. h4 Kf6 42. h5 Ke5 43. Rd7 f5 44. gxf5 Kxf5 45. f3 Re3 46. Rd5+ e5 47. Kf2 Kf4 48. Rd6 Rxf3+ 49. Kg2 Rxb3 50. Rxh6 Rb2+ 51. Kf1 b5 52. axb5 Rxb5 53. Rf6+ Kg4 54. h6 Rb3 55. h7 Rh3 56. Rf7 a4 57. Ke2 a3 58. Ra7 a2 59. Rxa2 Rxh7 60. Ke3 Kf5 61. Rf2+ Ke6 62. Rf8 Rh3+ 63. Ke4 Rh4+ 64. Ke3 Ra4 65. Rg8 Kf5 66. Kf3 Ra3+ 67. Kf2 g4 68. Rf8+ Ke4 69. Rb8 g3+ 70. Kg2 Rd3 71. Ra8 Kf4 72. Rf8+ Ke3 73. Kxg3 e4 74. Ra8 Kd2+ 75. Kg2 Ke2 76. Ra4 e3 77. Ra2+ Ke1 78. Kf3 e2+ 79. Kg2 Rd7 80. Ra1+ Kd2 81. Ra2+ Ke3 0-1

[Event "AUT-chT2S 9900"]
[Site "Austria"]
[Date "2000.02.26"]
[Round "7.1"]
[White "Brestian, Egon"]
[Black "Petran, Pal"]
[Result "1-0"]
[WhiteElo "2429"]
[BlackElo "2371"]
[Annotator "Gabriele Ballarin"]
[PlyCount "89"]
[EventDate "1999.10.??"]
[EventType "team"]
[EventRounds "11"]
[EventCountry "AUT"]
[SourceTitle "EXT 2002"]
[Source "ChessBase"]
[SourceDate "2001.11.25"]
[SourceVersion "1"]
[SourceVersionDate "2001.11.25"]
[SourceQuality "1"]

1. c4 c5 2. Nc3 Nc6 3. g3 g6 4. Bg2 Bg7 5. Nf3 e6 6. O-O Nge7 7. a3 O-O 8. b4 d6 9. bxc5 dxc5 10. Bb2 b6 11. d3 Bb7 12. Rb1 Qd7 13. Qa4 Rad8 14. Rfd1 Nd4 15. Nxd4 cxd4 16. Qxd7 Rxd7 17. Ne4 h6 18. a4 f5 19. Nd2 Bxg2 20. Kxg2 Rc8 21. a5 bxa5 22. Ba3 Nc6 23. Rb5 Bf8 24. Bxf8 Kxf8 25. Nb3 Rb8 26. Rxb8+ Nxb8 27. Nxa5 Rc7 28. f4 Nc6 29. Nxc6 Rxc6 30. Ra1 a6 31. Kf3 Ke7 32. e3 dxe3 33. Kxe3 Kd7 34. Kd4 Rd6+ 35. Kc3 Kc7 36. c5 Rc6 37. d4 Kb7 38. Kc4 Ka7 39. Re1 Kb7 40. h4 h5 41. Re3 Kc7 42. d5 exd5+ 43. Kxd5 Rf6 44. Re7+ Kb8 45. c6 1-0

[Event "AUT-chT2S 9900"]
[Site "Austria"]
[Date "2000.02.26"]
[Round "7.1"]
[White "Mahdy, Khaled"]
[Black "Arwanitakis, Michael"]
[Result "1/2-1/2"]
[WhiteElo "2332"]
[BlackElo "2155"]
[Annotator "Gabriele Ballarin"]
[PlyCount "46"]
[EventDate "1999.10.??"]
[EventType "team"]
[EventRounds "11"]
[EventCountry "AUT"]
[SourceTitle "EXT 2002"]
[Source "ChessBase"]
[SourceDate "2001.11.25"]
[SourceVersion "1"]
[SourceVersionDate "2001.11.25"]
[SourceQuality "1"]

1. e4 c5 2. Nf3 d6 3. c3 Nf6 4. Bd3 Bg4 5. Bc2 Nc6 6. h3 Bxf3 7. Qxf3 g6 8. O-O Bg7 9. Qd1 e5 10. d3 O-O 11. Nd2 b5 12. Nf3 b4 13. Ba4 Rc8 14. Bg5 Qa5 15. Nd2 bxc3 16. Nc4 Qa6 17. bxc3 Nxe4 18. dxe4 Qxc4 19. Qc2 h6 20. Be3 Qa6 21. Rad1 Rfd8 22. Rb1 Rb8 23. Rfd1 Na5 1/2-1/2

[Event "AUT-chT2S 9900"]
[Site "Austria"]
[Date "2000.02.26"]
[Round "7.1"]
[White "Pichler, Peter"]
[Black "Kwatschewsky, Leo"]
[Result "1/2-1/2"]
[WhiteElo "2205"]
[BlackElo "2307"]
[Annotator "Gabriele Ballarin"]
[PlyCount "30"]
[EventDate "1999.10.??"]
[EventType "team"]
[EventRounds "11"]
[EventCountry "AUT"]
[SourceTitle "EXT 2002"]
[Source "ChessBase"]
[SourceDate "2001.11.25"]
[SourceVersion "1"]
[SourceVersionDate "2001.11.25"]
[SourceQuality "1"]

1. d4 Nf6 2. Nf3 g6 3. c4 c6 4. Nc3 d5 5. cxd5 cxd5 6. Bf4 Bg7 7. e3 O-O 8. Bd3 Nc6 9. Rc1 b6 10. Qa4 Bb7 11. h3 a6 12. b4 b5 13. Qb3 Qb6 14. O-O Rfd8 15. Rb1 Rac8 1/2-1/2

[Event "AUT-chT2S 9900"]
[Site "Austria"]
[Date "2000.02.26"]
[Round "7.1"]
[White "Raffalt, Manfred"]
[Black "Lendwai, Reinhard"]
[Result "0-1"]
[WhiteElo "2206"]
[BlackElo "2371"]
[Annotator "Gabriele Ballarin"]
[PlyCount "86"]
[EventDate "1999.10.??"]
[EventType "team"]
[EventRounds "11"]
[EventCountry "AUT"]
[SourceTitle "EXT 2002"]
[Source "ChessBase"]
[SourceDate "2001.11.25"]
[SourceVersion "1"]
[SourceVersionDate "2001.11.25"]
[SourceQuality "1"]

1. d4 Nf6 2. Nf3 e6 3. e3 b6 4. Nbd2 Bb7 5. Bd3 c5 6. O-O Nc6 7. c3 Qc7 8. e4 cxd4 9. cxd4 Nb4 10. Bb1 Rc8 11. Qa4 Ba6 12. Re1 Bd3 13. Bxd3 Nxd3 14. Rf1 Be7 15. Qb3 Qc2 16. Qxc2 Rxc2 17. Ne1 Nxe1 18. Rxe1 Bb4 19. Rd1 Bxd2 20. Rxd2 Rxd2 21. Bxd2 Nxe4 22. Bb4 d5 23. f3 Nf6 24. a4 a6 25. Ra3 Kd7 26. Rb3 Rc8 27. Bc3 Rc6 28. Kf2 Ne8 29. Ke2 Nd6 30. Kd3 Nc4 31. Bb4 Rc8 32. Bc3 h5 33. Be1 f6 34. Bc3 g5 35. Be1 Rc6 36. Bc3 g4 37. Ke2 e5 38. Kf2 Ke6 39. fxg4 hxg4 40. Kg3 Kf5 41. Kf2 Ke4 42. Ke2 exd4 43. Be1 Ne3 0-1

[Event "AUT-chT2S 9900"]
[Site "Austria"]
[Date "2000.02.26"]
[Round "7.1"]
[White "Rohler, Siegfried"]
[Black "Manhardt, Thomas"]
[Result "1/2-1/2"]
[WhiteElo "2170"]
[BlackElo "2180"]
[Annotator "Gabriele Ballarin"]
[PlyCount "118"]
[EventDate "1999.10.??"]
[EventType "team"]
[EventRounds "11"]
[EventCountry "AUT"]
[SourceTitle "EXT 2002"]
[Source "ChessBase"]
[SourceDate "2001.11.25"]
[SourceVersion "1"]
[SourceVersionDate "2001.11.25"]
[SourceQuality "1"]

1. e4 c5 2. c3 Nf6 3. e5 Nd5 4. Nf3 e6 5. d4 cxd4 6. cxd4 Be7 7. Bd3 b6 8. O-O Ba6 9. Bxa6 Nxa6 10. Nbd2 O-O 11. Ne4 h6 12. Be3 d6 13. Rc1 Nab4 14. a3 Nxe3 15. fxe3 Nd5 16. Qd2 dxe5 17. Nxe5 Bg5 18. Nxg5 Qxg5 19. Rf3 f5 20. Rg3 Qh5 21. Ng6 Rfc8 22. Nf4 Qe8 23. Nxd5 exd5 24. Rf1 Qe4 25. Qf2 Rf8 26. Rf3 g6 27. Rf4 Qe7 28. Qf3 Qd6 29. g4 fxg4 30. Qxg4 Kg7 31. e4 dxe4 32. Rxe4 Rxf1+ 33. Kxf1 Rf8+ 34. Kg2 Qf6 35. Qe2 Rf7 36. d5 Qg5+ 37. Rg4 Qxd5+ 38. Qe4 Qd2+ 39. Kh3 Qd6 40. Qd4+ Qxd4 41. Rxd4 Rf2 42. Rd7+ Kf6 43. Rxa7 Rxb2 44. a4 g5 45. a5 bxa5 46. Ra6+ Kg7 47. Rxa5 Kg6 48. Ra6+ Kh5 49. Kg3 Rb3+ 50. Kg2 g4 51. Ra8 Kh4 52. Ra2 h5 53. Rc2 Rf3 54. Ra2 Kg5 55. Ra5+ Rf5 56. Rxf5+ Kxf5 57. h3 Kf4 58. hxg4 hxg4 59. Kf2 g3+ 1/2-1/2

[Event "AUT-chT2S 9900"]
[Site "Austria"]
[Date "2000.02.26"]
[Round "7.2"]
[White "Dohr, Alexander"]
[Black "Demuth, Markus"]
[Result "0-1"]
[WhiteElo "2193"]
[BlackElo "2221"]
[Annotator "Gabriele Ballarin"]
[PlyCount "114"]
[EventDate "1999.10.??"]
[EventType "team"]
[EventRounds "11"]
[EventCountry "AUT"]
[SourceTitle "EXT 2002"]
[Source "ChessBase"]
[SourceDate "2001.11.25"]
[SourceVersion "1"]
[SourceVersionDate "2001.11.25"]
[SourceQuality "1"]

1. e4 e6 2. d4 d5 3. Bd3 Nf6 4. e5 Nfd7 5. c3 c5 6. a3 Nc6 7. Be3 a5 8. Ne2 Qb6 9. O-O Qxb2 10. Nd2 Qb6 11. Ng3 Qc7 12. f4 c4 13. Bc2 f5 14. exf6 Nxf6 15. f5 Bd6 16. Nh5 Qf7 17. Nxf6+ gxf6 18. fxe6 Bxe6 19. Qf3 O-O-O 20. Qxf6 Qd7 21. Bh6 Rhg8 22. Rae1 Bh3 23. Rf2 Kb8 24. Nf3 Be7 25. Qf7 Bxa3 26. Ng5 Qxf7 27. Rxf7 Bc8 28. Rb1 Rd7 29. Rxd7 Bxd7 30. Bxh7 Re8 31. Kf2 Bg4 32. Nf3 Ka7 33. Bf4 Ka6 34. Bg6 Rf8 35. Bc7 b5 36. h4 b4 37. h5 Ne7 38. Bd6 Nxg6 39. hxg6 Rg8 40. Ne5 Bf5 41. Rh1 Bb2 42. cxb4 Bxd4+ 43. Ke2 axb4 44. Nc6 Bg4+ 45. Kd2 Rxg6 46. Nxb4+ Kb5 47. Nc2 Rxd6 48. Nxd4+ Kc5 49. Kc3 Ra6 50. Rh4 Ra3+ 51. Kb2 Rg3 52. Nc2 Rxg2 53. Kc1 d4 54. Rh8 c3 55. Rh1 Bf5 56. Na1 Ra2 57. Nb3+ Kc4 0-1

[Event "AUT-chT2S 9900"]
[Site "Austria"]
[Date "2000.02.26"]
[Round "7.2"]
[White "Forintos, Gyozo Victor"]
[Black "Postl, Anton"]
[Result "1-0"]
[WhiteElo "2343"]
[BlackElo "2303"]
[Annotator "Gabriele Ballarin"]
[PlyCount "63"]
[EventDate "1999.10.??"]
[EventType "team"]
[EventRounds "11"]
[EventCountry "AUT"]
[SourceTitle "EXT 2002"]
[Source "ChessBase"]
[SourceDate "2001.11.25"]
[SourceVersion "1"]
[SourceVersionDate "2001.11.25"]
[SourceQuality "1"]

1. d4 Nf6 2. c4 g6 3. Nc3 Bg7 4. e4 d6 5. Nge2 O-O 6. Ng3 c5 7. d5 e6 8. Be2 exd5 9. exd5 Re8 10. O-O a6 11. a4 Nbd7 12. Bf4 Ne5 13. Qd2 Qa5 14. h3 h5 15. Rfe1 Qb4 16. Nge4 Qb6 17. Nxf6+ Bxf6 18. Ne4 Bg7 19. Bh6 f5 20. Bxg7 Kxg7 21. Ng5 Qd8 22. Bf1 Bd7 23. f4 Nf7 24. Rxe8 Qxe8 25. Qc3+ Kh6 26. Re1 Qf8 27. Qf6 Ne5 28. Qxf8+ Rxf8 29. h4 Ng4 30. Re7 Nf6 31. Nf7+ Kg7 32. Ne5+ 1-0

[Event "AUT-chT2S 9900"]
[Site "Austria"]
[Date "2000.02.26"]
[Round "7.2"]
[White "Ivancsics, Michael"]
[Black "Singer, Richard"]
[Result "0-1"]
[WhiteElo "2255"]
[BlackElo "2290"]
[Annotator "Gabriele Ballarin"]
[PlyCount "35"]
[EventDate "1999.10.??"]
[EventType "team"]
[EventRounds "11"]
[EventCountry "AUT"]
[SourceTitle "EXT 2002"]
[Source "ChessBase"]
[SourceDate "2001.11.25"]
[SourceVersion "1"]
[SourceVersionDate "2001.11.25"]
[SourceQuality "1"]

{10240kB. Pentium} 1. d4 Nf6 2. c4 e6 3. Nf3 b6 4. g3 Ba6 5. Qa4 Bb7 6. Bg2 Be7 7. O-O O-O 8. Rd1 d6 9. Nc3 Ne4 10. Bd2 Nd7 11. d5 Nxd2 12. Nxd2 e5 13. e3 f5 14. f4 Nf6 15. Qc2 g6 16. Nf3 Qe8 17. Re1 e4 18. Nd2 0-1

[Event "AUT-chT2S 9900"]
[Site "Austria"]
[Date "2000.02.26"]
[Round "7.2"]
[White "Kleiser, Gregor"]
[Black "Matosec, Thomas"]
[Result "1-0"]
[WhiteElo "2157"]
[BlackElo "2085"]
[Annotator "Gabriele Ballarin"]
[PlyCount "79"]
[EventDate "1999.10.??"]
[EventType "team"]
[EventRounds "11"]
[EventCountry "AUT"]
[SourceTitle "EXT 2002"]
[Source "ChessBase"]
[SourceDate "2001.11.25"]
[SourceVersion "1"]
[SourceVersionDate "2001.11.25"]
[SourceQuality "1"]

1. b4 Nf6 2. Bb2 e6 3. b5 b6 4. Nf3 Bb7 5. c4 c5 6. bxc6 Nxc6 7. Nc3 d5 8. cxd5 exd5 9. e3 a6 10. Ne2 Bd6 11. Ned4 Ne7 12. Be2 O-O 13. O-O Rc8 14. Qb3 Ne4 15. Rfc1 Nc5 16. Qd1 Qd7 17. Rab1 Ng6 18. Ba1 b5 19. Ne1 Bb8 20. f4 Ne7 21. Nd3 Ne4 22. Ne5 Qd6 23. d3 Nc5 24. Bc3 f6 25. Nef3 Qd7 26. Qd2 Rfe8 27. Rc2 Ba7 28. Rbc1 Nf5 29. Nxf5 Qxf5 30. Bd4 Qe6 31. Bxc5 Bxc5 32. Rxc5 Rxc5 33. Rxc5 Qxe3+ 34. Qxe3 Rxe3 35. Kf2 Re7 36. Nd4 Kf7 37. Nb3 d4 38. Nxd4 Rd7 39. Nc2 Re7 40. Bf3 1-0

[Event "AUT-chT2S 9900"]
[Site "Austria"]
[Date "2000.02.26"]
[Round "7.2"]
[White "Kuba, Guenter"]
[Black "Wegerer, Fred"]
[Result "1-0"]
[WhiteElo "2238"]
[BlackElo "2196"]
[Annotator "Gabriele Ballarin"]
[PlyCount "64"]
[EventDate "1999.10.??"]
[EventType "team"]
[EventRounds "11"]
[EventCountry "AUT"]
[SourceTitle "EXT 2002"]
[Source "ChessBase"]
[SourceDate "2001.11.25"]
[SourceVersion "1"]
[SourceVersionDate "2001.11.25"]
[SourceQuality "1"]

1. e4 e5 2. Nc3 d6 3. g3 Be7 4. Bg2 Nf6 5. Nge2 c5 6. d3 Nc6 7. h3 Be6 8. f4 g6 9. Nd5 Nh5 10. O-O Nd4 11. Nxd4 cxd4 12. Kh2 Bxd5 13. exd5 exf4 14. g4 Ng7 15. Bxf4 h5 16. Kg1 hxg4 17. Qxg4 Rh4 18. Qe2 Kf8 19. Bg3 Rh5 20. Rae1 Nf5 21. Qxh5 gxh5 22. Rxf5 Bh4 23. Rxh5 Bf6 24. Rf1 Qe7 25. Be4 Kg8 26. Kh1 Bg7 27. Bh4 f6 28. Rg1 Rc8 29. Bf5 Qe3 30. Bxf6 Qf3+ 31. Rg2 Qxh5 32. Be6+ Kf8 1-0

[Event "AUT-chT2S 9900"]
[Site "Austria"]
[Date "2000.02.26"]
[Round "7.2"]
[White "Riedner, Martin"]
[Black "Sorg, Bernd"]
[Result "1/2-1/2"]
[WhiteElo "2229"]
[BlackElo "2216"]
[Annotator "Gabriele Ballarin"]
[PlyCount "69"]
[EventDate "1999.10.??"]
[EventType "team"]
[EventRounds "11"]
[EventCountry "AUT"]
[SourceTitle "EXT 2002"]
[Source "ChessBase"]
[SourceDate "2001.11.25"]
[SourceVersion "1"]
[SourceVersionDate "2001.11.25"]
[SourceQuality "1"]

1. d4 c5 2. d5 e6 3. c4 exd5 4. cxd5 d6 5. Nc3 g6 6. Nf3 Bg7 7. Bf4 Nf6 8. Qa4+ Bd7 9. Qb3 Qc7 10. e3 Nh5 11. Bg5 h6 12. Bh4 g5 13. Bg3 Nxg3 14. hxg3 Na6 15. Nd2 Rb8 16. Nb5 Bxb5 17. Bxb5+ Ke7 18. Be2 Qa5 19. Bh5 Qb4 20. Qd3 Qxb2 21. O-O Nb4 22. Qf5 Qf6 23. Qg4 Nxd5 24. e4 Nc7 25. Rad1 Rhd8 26. f4 Qe6 27. Qe2 Bd4+ 28. Kh1 gxf4 29. Rxf4 f6 30. Nf3 Be5 31. Rg4 Rg8 32. Nh4 Rxg4 33. Nf5+ Kf8 34. Qxg4 Ne8 35. Rf1 1/2-1/2

[Event "AUT-chT2S 9900"]
[Site "Austria"]
[Date "2000.02.26"]
[Round "7.3"]
[White "Beck, Hartmuth"]
[Black "Siklosi, Zoltan"]
[Result "0-1"]
[WhiteElo "2235"]
[BlackElo "2337"]
[Annotator "Gabriele Ballarin"]
[PlyCount "84"]
[EventDate "1999.10.??"]
[EventType "team"]
[EventRounds "11"]
[EventCountry "AUT"]
[SourceTitle "EXT 2002"]
[Source "ChessBase"]
[SourceDate "2001.11.25"]
[SourceVersion "1"]
[SourceVersionDate "2001.11.25"]
[SourceQuality "1"]

1. d4 d5 2. c4 e6 3. Nc3 c6 4. Nf3 Nf6 5. cxd5 exd5 6. Qc2 Be7 7. Bg5 g6 8. e3 Bf5 9. Bd3 Bxd3 10. Qxd3 O-O 11. O-O Nbd7 12. Bxf6 Nxf6 13. Rab1 a5 14. Rfc1 Bd6 15. h3 Qe7 16. Nd2 Rfe8 17. Na4 Nh5 18. Re1 f5 19. f4 Nf6 20. Nf3 Ne4 21. a3 Kh8 22. Nd2 Qh4 23. Rf1 Nxd2 24. Qxd2 Re6 25. Rf3 Qe7 26. Qc3 Re8 27. Re1 b5 28. Nc5 Bxc5 29. dxc5+ Qg7 30. Rc1 Qxc3 31. Rxc3 a4 32. g4 Kg7 33. Kf2 Kf6 34. Rg3 Re4 35. Rg1 d4 36. exd4 Rxf4+ 37. Rf3 Rxd4 38. gxf5 gxf5 39. Rf1 Re5 40. Rg1 Rxc5 41. Rg8 Rd2+ 42. Kg3 Rxb2 0-1

[Event "AUT-chT2S 9900"]
[Site "Austria"]
[Date "2000.02.26"]
[Round "7.3"]
[White "Egartner, Wolfgang"]
[Black "Buchegger, Karl"]
[Result "1-0"]
[WhiteElo "2141"]
[BlackElo "2196"]
[Annotator "Gabriele Ballarin"]
[PlyCount "73"]
[EventDate "1999.10.??"]
[EventType "team"]
[EventRounds "11"]
[EventCountry "AUT"]
[SourceTitle "EXT 2002"]
[Source "ChessBase"]
[SourceDate "2001.11.25"]
[SourceVersion "1"]
[SourceVersionDate "2001.11.25"]
[SourceQuality "1"]

1. d4 Nf6 2. g3 c5 3. c3 cxd4 4. cxd4 g6 5. Bg2 Bg7 6. Nc3 d5 7. Nf3 Nc6 8. O-O O-O 9. Qb3 Na5 10. Qa4 a6 11. Ne5 Be6 12. Qd1 Rc8 13. Na4 b6 14. Bf4 Nc4 15. Rc1 Ng4 16. Nxc4 dxc4 17. Bb7 b5 18. Nc5 Rxc5 19. dxc5 Bxb2 20. Qxd8 Rxd8 21. Rfd1 Rf8 22. Rc2 c3 23. Bc1 Bxa2 24. Bxb2 Bb3 25. Rxc3 Bxd1 26. c6 b4 27. Rc4 Bxe2 28. Rxb4 Rd8 29. c7 Rd1+ 30. Kg2 Bf1+ 31. Kf3 Nxh2+ 32. Kf4 f6 33. c8=Q+ Kg7 34. Be4 Re1 35. Bxf6+ exf6 36. Rb7+ Kh6 37. Qf8+ 1-0

[Event "AUT-chT2S 9900"]
[Site "Austria"]
[Date "2000.02.26"]
[Round "7.3"]
[White "Insam, Heinz"]
[Black "Rudolph, Johannes"]
[Result "0-1"]
[WhiteElo "2260"]
[BlackElo "2237"]
[Annotator "Gabriele Ballarin"]
[PlyCount "50"]
[EventDate "1999.10.??"]
[EventType "team"]
[EventRounds "11"]
[EventCountry "AUT"]
[SourceTitle "EXT 2002"]
[Source "ChessBase"]
[SourceDate "2001.11.25"]
[SourceVersion "1"]
[SourceVersionDate "2001.11.25"]
[SourceQuality "1"]

1. d4 Nf6 2. Bg5 e6 3. Nd2 c5 4. e3 Nc6 5. c3 b6 6. Bd3 Bb7 7. f3 h6 8. Bxf6 Qxf6 9. Nh3 cxd4 10. exd4 g5 11. Qe2 Be7 12. Ne4 Qg7 13. d5 Ne5 14. d6 Nxd3+ 15. Qxd3 Bd8 16. O-O-O f5 17. Nd2 Rc8 18. Rhe1 O-O 19. Nf2 Bf6 20. Kb1 Rc5 21. Nb3 Rd5 22. Qe2 Re5 23. Qd3 Rc8 24. Nd4 Rd5 25. g4 e5 0-1

[Event "AUT-chT2S 9900"]
[Site "Austria"]
[Date "2000.02.26"]
[Round "7.3"]
[White "Steiner, Peter"]
[Black "Wurm, Christoph"]
[Result "0-1"]
[WhiteElo "2120"]
[BlackElo "2160"]
[Annotator "Gabriele Ballarin"]
[PlyCount "100"]
[EventDate "1999.10.??"]
[EventType "team"]
[EventRounds "11"]
[EventCountry "AUT"]
[SourceTitle "EXT 2002"]
[Source "ChessBase"]
[SourceDate "2001.11.25"]
[SourceVersion "1"]
[SourceVersionDate "2001.11.25"]
[SourceQuality "1"]

1. e4 c5 2. Nc3 Nc6 3. g3 g6 4. Bg2 Bg7 5. d3 e6 6. Be3 d6 7. Qd2 a6 8. Nge2 Nd4 9. O-O Ne7 10. Rfe1 O-O 11. Nd1 Nxe2+ 12. Rxe2 Qc7 13. d4 cxd4 14. Bxd4 e5 15. Be3 Be6 16. Nc3 Bc4 17. Rd1 Bxe2 18. Nxe2 Rfd8 19. h4 Rac8 20. c3 b5 21. g4 a5 22. Bf3 Qb7 23. Kg2 b4 24. Bh6 Rc4 25. Ng3 bxc3 26. bxc3 Bxh6 27. Qxh6 Rxc3 28. h5 Nc6 29. Nf5 gxf5 30. gxf5 f6 31. Kh2 Qf7 32. Rg1+ Kh8 33. Bd1 Ne7 34. Bb3 Rxb3 35. axb3 Ng8 36. Qd2 Qxh5+ 37. Kg2 Qg5+ 38. Qxg5 fxg5 39. Kg3 h6 40. Ra1 Ra8 41. b4 a4 42. b5 Ne7 43. Kf3 Nc8 44. Ke2 a3 45. Ra2 Kg7 46. Kd2 Kf7 47. Kc3 Kg7 48. Kc4 Nb6+ 49. Kb3 h5 50. f3 h4 0-1

[Event "AUT-chT2S 9900"]
[Site "Austria"]
[Date "2000.02.26"]
[Round "7.3"]
[White "Tabernig, Bernhard"]
[Black "Brod, Manfred"]
[Result "1/2-1/2"]
[WhiteElo "2360"]
[BlackElo "2223"]
[Annotator "Gabriele Ballarin"]
[PlyCount "103"]
[EventDate "1999.10.??"]
[EventType "team"]
[EventRounds "11"]
[EventCountry "AUT"]
[SourceTitle "EXT 2002"]
[Source "ChessBase"]
[SourceDate "2001.11.25"]
[SourceVersion "1"]
[SourceVersionDate "2001.11.25"]
[SourceQuality "1"]

1. d4 d5 2. c4 dxc4 3. Nf3 e6 4. e4 b5 5. a4 c6 6. b3 Bb4+ 7. Bd2 Bxd2+ 8. Qxd2 Nf6 9. e5 Ne4 10. Qc2 Qa5+ 11. Nfd2 Nxd2 12. Qxd2 Qxd2+ 13. Kxd2 cxb3 14. axb5 cxb5 15. Bxb5+ Bd7 16. Nc3 Nc6 17. Ke3 Nb4 18. Rab1 Rc8 19. Rxb3 Rxc3+ 20. Rxc3 Nd5+ 21. Kd2 Nxc3 22. Bxd7+ Kxd7 23. Kxc3 Rc8+ 24. Kd3 Rc6 25. Ra1 a6 26. g4 Kc7 27. f4 Kb6 28. Rb1+ Kc7 29. f5 Rb6 30. Ra1 Kb7 31. d5 exd5 32. Kd4 Kc6 33. Rc1+ Kd7 34. Kxd5 Rb5+ 35. Kd4 Rb4+ 36. Kc5 Rb5+ 37. Kd4 Rb4+ 38. Kd5 Rb5+ 39. Ke4 Rb4+ 40. Kf3 Rb3+ 41. Kf4 h6 42. Ra1 Rb4+ 43. Ke3 Rb3+ 44. Kd2 Rb5 45. Rxa6 Rxe5 46. Ra7+ Ke8 47. Kd3 Re1 48. Kd4 Rg1 49. h3 Rg3 50. Ke5 Rxh3 51. Ra8+ Kd7 52. Ra7+ 1/2-1/2

[Event "AUT-chT2S 9900"]
[Site "Austria"]
[Date "2000.02.26"]
[Round "7.4"]
[White "Krebs, Johann"]
[Black "Genser, Harald"]
[Result "1/2-1/2"]
[WhiteElo "2130"]
[BlackElo "2160"]
[Annotator "Gabriele Ballarin"]
[PlyCount "37"]
[EventDate "1999.10.??"]
[EventType "team"]
[EventRounds "11"]
[EventCountry "AUT"]
[SourceTitle "EXT 2002"]
[Source "ChessBase"]
[SourceDate "2001.11.25"]
[SourceVersion "1"]
[SourceVersionDate "2001.11.25"]
[SourceQuality "1"]

1. d4 d5 2. c4 c6 3. Nc3 Nf6 4. Nf3 dxc4 5. a4 Bf5 6. e3 e6 7. Bxc4 Bb4 8. Qb3 a5 9. O-O Qc7 10. Nh4 Bg6 11. Nxg6 hxg6 12. g3 Ng4 13. h4 Nf6 14. e4 Nbd7 15. Rd1 O-O 16. Na2 Be7 17. Bg5 e5 18. Kg2 exd4 19. Qc2 1/2-1/2

[Event "AUT-chT2S 9900"]
[Site "Austria"]
[Date "2000.02.26"]
[Round "7.4"]
[White "Mohr, Georg"]
[Black "Petschar, Kurt"]
[Result "1/2-1/2"]
[WhiteElo "2483"]
[BlackElo "2250"]
[Annotator "Gabriele Ballarin"]
[PlyCount "51"]
[EventDate "1999.10.??"]
[EventType "team"]
[EventRounds "11"]
[EventCountry "AUT"]
[SourceTitle "EXT 2002"]
[Source "ChessBase"]
[SourceDate "2001.11.25"]
[SourceVersion "1"]
[SourceVersionDate "2001.11.25"]
[SourceQuality "1"]

1. e4 c5 2. Nc3 Nc6 3. g3 g6 4. Bg2 Bg7 5. Nge2 e6 6. a3 Nge7 7. Rb1 d5 8. b4 cxb4 9. axb4 d4 10. Na2 a6 11. d3 e5 12. Bd2 O-O 13. c3 dxc3 14. Bxc3 Bg4 15. Nac1 Na7 16. h3 Bxe2 17. Nxe2 Nb5 18. Ba1 Nc6 19. O-O Qd6 20. Qb3 Rfd8 21. Rfd1 Rac8 22. Bf1 Ncd4 23. Nxd4 Nxd4 24. Bxd4 Qxd4 25. Rdc1 Bh6 26. Rc4 1/2-1/2

[Event "AUT-chT2S 9900"]
[Site "Austria"]
[Date "2000.02.26"]
[Round "7.4"]
[White "Scheck, Rudolf"]
[Black "Nickl, Klaus"]
[Result "1/2-1/2"]
[WhiteElo "2175"]
[BlackElo "2200"]
[Annotator "Gabriele Ballarin"]
[PlyCount "44"]
[EventDate "1999.10.??"]
[EventType "team"]
[EventRounds "11"]
[EventCountry "AUT"]
[SourceTitle "EXT 2002"]
[Source "ChessBase"]
[SourceDate "2001.11.25"]
[SourceVersion "1"]
[SourceVersionDate "2001.11.25"]
[SourceQuality "1"]

1. e4 e5 2. Nf3 Nc6 3. Bb5 a6 4. Ba4 Nf6 5. O-O Be7 6. Re1 b5 7. Bb3 d6 8. c3 O-O 9. h3 Na5 10. Bc2 c5 11. d4 Qc7 12. Nbd2 Nc6 13. d5 Nd8 14. a4 Rb8 15. axb5 axb5 16. Nf1 Ne8 17. b4 c4 18. Ra5 g6 19. Bh6 Ng7 20. Qa1 f6 21. Qa2 Nf7 22. Bd2 Bd7 1/2-1/2